LEADER 00873nam0-2200265---450 001 990009082750403321 005 20250430121729.0 035 $a000908275 100 $a20090805d1913----km-y0itay50------ba 101 0 $aita 102 $aIT 105 $aa-------001yy 200 1 $a<>porto di Napoli$enell'antichità e nell'evo medio$ememoria letta all'Accademia Pontaniana nelle tornate del 16 marzo e 4 maggio 1913$fEttore Gabrici 210 $aNapoli$cs. n.$d[1913] 215 $a43 p.$cill.$d24 cm 300 $aEstr. da: Atti dell'Accademia Pontaniana, anno XLIII, n. 2bis 610 0 $aNapoli$aPorto$aStoria 700 1$aGabrici,$bEttore$f<1868-1962>$037841 801 0$aIT$bUNINA$gRICA$2UNIMARC 901 $aLG 912 $a990009082750403321 952 $aMisc.G 0071$bIst. 9663$fILFGE 959 $aILFGE 996 $aPorto di Napoli$9784558 997 $aUNINA LEADER 01351nam0 22003493i 450 001 MIL0540655 005 20251003044235.0 010 $a2876471531 100 $a20080523e19931932||||0itac50 ba 101 | $afre 102 $afr 181 1$6z01$ai $bxxxe 182 1$6z01$an 200 1 $aˆLa ‰théorie atomique et la description des phénomènes$fNiels Bohr 210 $aSceaux$cJ. Gabay$d[1993] 215 $a111 p.$d22 cm 225 | $aˆLes ‰grands classiques Gauthier-Villars 300 $aRipr. facs. dell'ed.: Paris : Gauthier-Villars, 1932. 410 0$1001UFI0219606$12001 $aˆLes ‰grands classiques Gauthier-Villars 606 $aAtomo$xTeorie$2FIR$3SBLC012462$9I 676 $a539$9Fisica moderna$v14 700 1$aBohr$b, Niels$3RAVV061891$4070$0256 790 1$aBohr$b, Niels Henrik David$3MILV261085$zBohr, Niels 790 1$aBohr$b, Niels Henrik David$f <1885-1962>$3NAPV108448$zBohr, Niels 801 3$aIT$bIT-000000$c20080523 850 $aIT-BN0095 901 $bNAP 01$cRIPR. FACS$n$ 912 $aMIL0540655 950 0$aBiblioteca Centralizzata di Ateneo$c1 v.$d 01RIPR. FACSFr. B 0046$e 0102 0000066025 VMA 1 v.$fY $h20080523$i20080523 977 $a 01 996 $aThéorie atomique et la description des phénomènes$9103960 997 $aUNISANNIO